[Event "Southend Easter op 67th"]
[Site "Southend"]
[Date "2025.04.18"]
[Round "2"]
[White "Spence, David"]
[Black "Willoughby, Christopher"]
[Result "1/2-1/2"]
[WhiteElo "2194"]
[BlackElo "1760"]
[PlyCount "105"]
[EventDate "2025.04.18"]
[EventType "swiss"]
[EventRounds "7"]
[EventCountry "ENG"]
[SourceTitle "CB18_2025"]
[SourceDate "2025.04.30"]
[SourceVersion "1"]
[SourceVersionDate "2025.04.30"]
[SourceQuality "1"]

1. e4 e5 2. Nf3 Nc6 3. Bc4 Bc5 4. c3 Nf6 5. d4 exd4 6. b4 Bb6 7. e5 d5 8. exf6 dxc4 9. Qe2+ Be6 10. b5 d3 11. Qe4 Nb4 12. 0-0 Qxf6 13. Bg5 Qg6 14. Qxg6 hxg6 15. cxb4 f6 16. Bd2 g5 17. Re1 Kf7 18. Bxg5 fxg5 19. Nxg5+ Kf6 20. Nxe6 Rhe8 21. Nd2 Rxe6 22. Nxc4 Bd4 23. Rxe6+ Kxe6 24. Rd1 Kd5 25. Na5 b6 26. Nb3 Kc4 27. Nc1 Kxb4 28. Rxd3 Rd8 29. Rb3+ Kc4 30. Ne2 Bf6 31. g4 Rd2 32. Re3 Rxa2 33. f4 Rd2 34. g5 Bb2 35. h4 Kxb5 36. Kf1 Kc4 37. Re7 a5 38. Rxc7+ Kd3 39. f5 Ke3 40. f6 gxf6 41. g6 Rd1+ 42. Kg2 Rd8 43. Re7+ Kd2 44. g7 a4 45. Rd7+ Rxd7 46. g8Q a3 47. Nf4 f5 48. Qb3 Kc1 49. Ne2+ Kb1 50. Nc3+ Kc1 51. Na2+ Kb1 52. Nc3+ Kc1 53. Na2+ 1/2-1/2

[Event "Isle of Wight op"]
[Site "Ryde"]
[Date "2025.02.20"]
[Round "5"]
[White "Spence, David"]
[Black "Badacsonyi, Stanley Ethan Artie"]
[Result "0-1"]
[WhiteElo "2181"]
[BlackElo "2307"]
[PlyCount "137"]
[EventDate "2025.02.18"]
[EventType "swiss"]
[EventRounds "9"]
[EventCountry "ENG"]
[SourceTitle "CB09_2025"]
[SourceDate "2025.02.27"]
[SourceVersion "1"]
[SourceVersionDate "2025.02.27"]
[SourceQuality "1"]

1. e4 e5 2. Nf3 Nc6 3. Bc4 Nf6 4. Ng5 d5 5. exd5 Na5 6. Bb5+ c6 7. dxc6 bxc6 8. Bd3 Nd5 9. Nf3 Bd6 10. 0-0 0-0 11. Re1 f5 12. Nxe5 Qf6 13. Nf3 g5 14. g3 f4 15. Nc3 fxg3 16. hxg3 Qxf3 17. Qxf3 Rxf3 18. Be4 Rf5 19. d3 h6 20. Bxf5 Bxf5 21. Bd2 Nb7 22. Nxd5 cxd5 23. Bc3 Rc8 24. Kg2 Kf7 25. Re2 h5 26. Rae1 h4 27. Be5 h3+ 28. Kf3 Bb4 29. Bc3 Bd6 30. g4 Bd7 31. Be5 Bb4 32. c3 Bf8 33. d4 Nd6 34. Rh1 Bb5 35. Ree1 Bd3 36. Rxh3 Nc4 37. Kg2 Be4+ 38. f3 Bg6 39. b3 Nb2 40. f4 gxf4 41. Bxf4 Nd3 42. Rf1 Be4+ 43. Kg1 Nxf4 44. Rxf4+ Kg6 45. Rh8 Kg7 46. Rh3 Bd6 47. Rf2 Re8 48. Kf1 Rc8 49. Ke2 a5 50. Kd2 Be7 51. Kc1 a4 52. Kb2 a3+ 53. Kc1 Re8 54. Rh5 Kg6 55. Re5 Bg5+ 56. Kd1 Rh8 57. Re6+ Kg7 58. c4 Rh1+ 59. Ke2 Ra1 60. Ra6 Rxa2+ 61. Kf1 Ra1+ 62. Ke2 Bh4 63. Ra7+ Kg6 64. Ra6+ Kg5 65. Rf7 Kxg4 66. cxd5 Bg5 67. Rg7 Ra2+ 68. Ke1 Kf4 69. d6 0-1

[Event "Hull 4NCL op"]
[Site "Hull"]
[Date "2024.09.08"]
[Round "5"]
[White "Ganti, Shriaansh"]
[Black "Spence, David"]
[Result "0-1"]
[WhiteElo "1835"]
[BlackElo "2190"]
[PlyCount "116"]
[EventDate "2024.09.06"]
[EventType "swiss"]
[EventRounds "5"]
[EventCountry "ENG"]
[SourceTitle "EXT 2025"]
[Source "ChessBase"]
[SourceDate "2024.10.14"]
[SourceVersion "1"]
[SourceVersionDate "2024.10.14"]
[SourceQuality "1"]

1. e4 e6 2. d4 d5 3. Nd2 Nf6 4. e5 Nfd7 5. Ngf3 c5 6. c3 Nc6 7. Bd3 cxd4 8. cxd4 f6 9. exf6 Nxf6 10. 0-0 Bd6 11. Re1 Qc7 12. Nf1 0-0 13. Bg5 h6 14. Bxf6 Rxf6 15. Rc1 Qf7 16. Bb1 g5 17. Ne3 Rxf3 18. Qxf3 Qxf3 19. gxf3 Nxd4 20. Kg2 Bd7 21. Rcd1 Bc5 22. Ng4 Rf8 23. Ne5 Be8 24. Rc1 Bb4 25. Red1 Nc6 26. Nxc6 Bxc6 27. a3 Bd6 28. b4 Rf4 29. Re1 Kf7 30. h3 a5 31. bxa5 Bxa3 32. Rxc6 bxc6 33. Bc2 Bc5 34. Ra1 Ba7 35. Rb1 Kg7 36. Rb7+ Rf7 37. Rb1 Rc7 38. a6 Kf6 39. Kg3 e5 40. Rd1 Ke6 41. Rh1 Rg7 42. Kg4 Bxf2 43. Kh5 Ra7 44. Bd3 c5 45. Kxh6 c4 46. Bh7 Rxa6 47. Rd1 Kd6 48. Kxg5 c3 49. Be4 Bd4 50. Bf5 Ra2 51. h4 Be3+ 52. Kg6 c2 53. Bxc2 Rxc2 54. h5 Rg2+ 55. Kh7 Rf2 56. Kg6 Rxf3 57. h6 Rg3+ 58. Kh7 Rh3 0-1

[Event "Bolton Lamb Memorial"]
[Site "Bolton"]
[Date "2024.08.18"]
[Round "4"]
[White "Holm, Kristian Stuvik"]
[Black "Spence, David"]
[Result "1/2-1/2"]
[WhiteElo "2485"]
[BlackElo "2169"]
[PlyCount "83"]
[EventDate "2024.08.16"]
[EventType "swiss"]
[EventRounds "5"]
[EventCountry "ENG"]
[SourceTitle "CBM 221 Extra"]
[Source "ChessBase"]
[SourceDate "2024.09.30"]
[SourceVersion "1"]
[SourceVersionDate "2024.09.30"]
[SourceQuality "1"]

1. c4 c5 2. Nf3 Nc6 3. Nc3 e5 4. g3 g6 5. Bg2 Bg7 6. d3 d6 7. Bg5 f6 8. Bd2 Nge7 9. a3 Be6 10. 0-0 0-0 11. Rb1 a5 12. Nb5 Rb8 13. b4 axb4 14. axb4 b6 15. Ne1 Nd4 16. Nc3 Qd7 17. e3 Ndc6 18. b5 Nd8 19. Qb3 Bh3 20. Ra1 Bxg2 21. Kxg2 Ne6 22. Ra6 Qb7+ 23. e4 Nc7 24. Ra4 Ra8 25. Nc2 Rxa4 26. Nxa4 f5 27. f3 Ne6 28. Nc3 fxe4 29. fxe4 Rxf1 30. Kxf1 Nd4 31. Nxd4 exd4 32. Na4 Nc8 33. Qd1 Qf7+ 34. Kg2 h5 35. Bg5 Bf6 36. Qd2 Qe7 37. Bxf6 Qxf6 38. Nb2 g5 39. Qe2 g4 40. Nd1 Ne7 41. h3 gxh3+ 42. Kxh3 1/2-1/2

[Event "Bolton Lamb Memorial"]
[Site "Bolton"]
[Date "2024.08.17"]
[Round "2"]
[White "Song, Ran"]
[Black "Spence, David"]
[Result "0-1"]
[WhiteElo "1964"]
[BlackElo "2169"]
[PlyCount "128"]
[EventDate "2024.08.16"]
[EventType "swiss"]
[EventRounds "5"]
[EventCountry "ENG"]
[SourceTitle "CBM 221 Extra"]
[Source "ChessBase"]
[SourceDate "2024.09.30"]
[SourceVersion "1"]
[SourceVersionDate "2024.09.30"]
[SourceQuality "1"]

1. e4 e6 2. d3 d5 3. Qe2 Be7 4. g3 Nf6 5. Bg2 c5 6. e5 Nfd7 7. Nf3 Nc6 8. 0-0 0-0 9. c3 b5 10. Re1 a5 11. h4 Ba6 12. Bf4 a4 13. Nbd2 c4 14. b4 axb3 15. axb3 cxb3 16. Nxb3 b4 17. c4 dxc4 18. dxc4 Qc7 19. Qe4 Bb7 20. Qe2 Rfc8 21. Nfd2 Ra3 22. h5 h6 23. Rab1 Na5 24. Bxb7 Nxb7 25. Qg4 Kh8 26. Nd4 Qb6 27. Nb5 Ra2 28. Nc3 bxc3 29. Rxb6 cxd2 30. Bxd2 Nxb6 31. Be3 Nc5 32. Rb1 Nbd7 33. Bd4 Rca8 34. Qf3 Kg8 35. Qc6 R2a6 36. Qf3 Rc8 37. Rb7 Kf8 38. Rxd7 Nxd7 39. Qb7 Raa8 40. Qxd7 Rd8 41. Qb7 Rab8 42. Qe4 Kg8 43. Be3 Rb4 44. Qc6 Rbb8 45. Kg2 Rbc8 46. Qb5 Bf8 47. c5 Rc7 48. g4 Rdc8 49. g5 hxg5 50. Bxg5 Rxc5 51. Qe2 Rc2 52. Qd3 R8c3 53. Qd8 Rc4 54. Be3 Rg4+ 55. Kf3 Rgc4 56. Qg5 Kh7 57. Qd8 Rc8 58. Qd7 R2c7 59. Qd3+ Kg8 60. Qd2 Bc5 61. Bg5 Ba7 62. Qa5 Bd4 63. h6 Rc5 64. Qa7 Rc3+ 0-1

[Event "Gibraltar Masters 18th"]
[Site "Caleta"]
[Date "2020.01.25"]
[Round "5"]
[White "Spence, David"]
[Black "Ranaldi, Lucas"]
[Result "0-1"]
[WhiteElo "2146"]
[BlackElo "2296"]
[PlyCount "78"]
[EventDate "2020.01.21"]
[EventType "swiss"]
[EventRounds "10"]
[EventCountry "GGB"]
[SourceTitle "CBM 194 Extra"]
[Source "ChessBase"]
[SourceDate "2020.03.31"]
[SourceVersion "1"]
[SourceVersionDate "2020.03.31"]
[SourceQuality "1"]

1. e4 c5 2. c3 d5 3. exd5 Qxd5 4. d4 Nf6 5. Nf3 e6 6. Be3 cxd4 7. cxd4 Bb4+ 8. Nc3 0-0 9. Bd3 Bd7 10. 0-0 Bxc3 11. bxc3 Bb5 12. Bxb5 Qxb5 13. Qb3 Qa6 14. Rab1 b6 15. Bg5 Nbd7 16. c4 Rac8 17. Rbc1 Qa5 18. Rfd1 h6 19. Bd2 Qf5 20. Bb4 Rfd8 21. Qa4 a5 22. Be7 Re8 23. Bd6 g5 24. h3 Kh7 25. Re1 g4 26. hxg4 Qxg4 27. Qc2+ Qg6 28. Qxg6+ Kxg6 29. Re3 Rc6 30. Ne5+ Nxe5 31. Bxe5 Nh5 32. g4 Nf6 33. f3 Nd5 34. Re2 Rec8 35. Rec2 Nb4 36. Rh2 Rxc4 37. Rxc4 Rxc4 38. Bf4 Nd5 39. Bxh6 Rxd4 0-1

[Event "Gibraltar Masters 18th"]
[Site "Caleta"]
[Date "2020.01.23"]
[Round "3"]
[White "Spence, David"]
[Black "Trent, Lawrence"]
[Result "0-1"]
[WhiteElo "2146"]
[BlackElo "2383"]
[PlyCount "82"]
[EventDate "2020.01.21"]
[EventType "swiss"]
[EventRounds "10"]
[EventCountry "GGB"]
[SourceTitle "CBM 194 Extra"]
[Source "ChessBase"]
[SourceDate "2020.03.31"]
[SourceVersion "1"]
[SourceVersionDate "2020.03.31"]
[SourceQuality "1"]

1. e4 g6 2. d4 Bg7 3. Nc3 c6 4. Nf3 d6 5. Be3 Nf6 6. Qd2 0-0 7. Bh6 b5 8. Bd3 Bg4 9. 0-0-0 e5 10. dxe5 dxe5 11. Ne2 Nbd7 12. h3 Bxh6 13. Qxh6 Bxf3 14. gxf3 Qa5 15. Kb1 Nh5 16. Rhg1 Kh8 17. Rg5 Nhf6 18. Rdg1 c5 19. Ng3 c4 20. Be2 Ng8 21. Qh4 c3 22. bxc3 Qxc3 23. Rg4 Nc5 24. Qg5 Na4 25. Qc1 Qb4+ 26. Ka1 Qc3+ 27. Kb1 Qd4 28. Qa3 Rfc8 29. Bd3 Rc3 30. Qc1 Rac8 31. Rd1 Qb4+ 32. Ka1 Ra3 33. Ne2 a6 34. f4 Nf6 35. Rg3 Nc3 36. Nxc3 Qxc3+ 37. Qb2 Nh5 38. fxe5 Nxg3 39. fxg3 Qxb2+ 40. Kxb2 Rac3 41. Rf1 Kg7 0-1

[Event "Gibraltar Masters 18th"]
[Site "Caleta"]
[Date "2020.01.22"]
[Round "2"]
[White "Spence, David"]
[Black "Ravi, Teja Sanka"]
[Result "1/2-1/2"]
[WhiteElo "2146"]
[BlackElo "2464"]
[PlyCount "65"]
[EventDate "2020.01.21"]
[EventType "swiss"]
[EventRounds "10"]
[EventCountry "GGB"]
[SourceTitle "CBM 194 Extra"]
[Source "ChessBase"]
[SourceDate "2020.03.31"]
[SourceVersion "1"]
[SourceVersionDate "2020.03.31"]
[SourceQuality "1"]

1. e4 c5 2. c3 Nf6 3. e5 Nd5 4. d4 cxd4 5. cxd4 d6 6. Nf3 Nc6 7. Bc4 Nb6 8. Bb3 dxe5 9. d5 Na5 10. Nc3 Bg4 11. Be3 Nxb3 12. Qxb3 Bxf3 13. gxf3 g6 14. 0-0-0 Bg7 15. h4 h5 16. Kb1 Qd7 17. d6 exd6 18. Bxb6 axb6 19. Ne4 0-0 20. Rxd6 Qf5 21. Rhd1 b5 22. R1d3 Rac8 23. a3 Rc4 24. Qxb5 Qc8 25. Ka2 Rd4 26. R3xd4 exd4 27. Qd5 b5 28. Qxb5 Rd8 29. Qc5 Qb8 30. Qb4 Qc7 31. Rxd8+ Qxd8 32. a4 d3 33. a5 1/2-1/2

[Event "Gibraltar Masters 17th"]
[Site "Caleta"]
[Date "2019.01.30"]
[Round "9"]
[White "Spence, David"]
[Black "Villar Reymundo, Juan Antonio"]
[Result "1/2-1/2"]
[WhiteElo "2143"]
[BlackElo "2237"]
[PlyCount "61"]
[EventDate "2019.01.22"]
[EventType "swiss"]
[EventRounds "10"]
[EventCountry "GGB"]
[SourceTitle "CBM 188 Extra"]
[Source "ChessBase"]
[SourceDate "2019.02.28"]
[SourceVersion "1"]
[SourceVersionDate "2019.02.28"]
[SourceQuality "1"]

1. e4 c5 2. c3 d5 3. exd5 Qxd5 4. d4 Nf6 5. Nf3 e6 6. Be3 cxd4 7. cxd4 Nc6 8. a3 Be7 9. Nc3 Qd6 10. Bd3 0-0 11. 0-0 b6 12. Qe2 Bb7 13. Rad1 Rfd8 14. Rfe1 Rac8 15. Bg5 h6 16. Bxf6 Bxf6 17. d5 exd5 18. Bf5 Rb8 19. Nxd5 g6 20. Be4 Nd4 21. Nxf6+ Qxf6 22. Nxd4 Rxd4 23. Rxd4 Qxd4 24. Bxb7 Rxb7 25. Qe8+ Kg7 26. Qe5+ Qxe5 27. Rxe5 Rd7 28. Kf1 Kf6 29. Re3 Rd2 30. b4 Rc2 31. g3 1/2-1/2

[Event "Gibraltar Masters 16th"]
[Site "Caleta"]
[Date "2018.02.01"]
[Round "10"]
[White "Renman, Nils Gustaf"]
[Black "Spence, David"]
[Result "1-0"]
[WhiteElo "2350"]
[BlackElo "2127"]
[PlyCount "97"]
[EventDate "2018.01.23"]
[EventType "swiss"]
[EventRounds "10"]
[EventCountry "GGB"]
[SourceTitle "CBM 183"]
[Source "ChessBase"]
[SourceDate "2018.03.14"]
[SourceVersion "1"]
[SourceVersionDate "2018.03.14"]
[SourceQuality "1"]

1. d4 e6 2. c4 Nf6 3. Nf3 b6 4. g3 Ba6 5. Qc2 Bb4+ 6. Bd2 Be7 7. Bg2 Bb7 8. Nc3 c5 9. d5 exd5 10. Nh4 d6 11. cxd5 g6 12. 0-0 0-0 13. e4 Nh5 14. Nf3 Nd7 15. Rfe1 a6 16. a4 Qc7 17. b3 Rfe8 18. g4 Nhf6 19. h3 Bf8 20. Rad1 Rab8 21. Bf4 Ne5 22. Nxe5 dxe5 23. Bg5 Nd7 24. Bf1 Bd6 25. Bc4 f6 26. Bc1 Rf8 27. Qd3 Ra8 28. Kg2 Kf7 29. Ne2 Ke7 30. h4 Kd8 31. Rh1 Kc8 32. Ng3 Kb8 33. g5 Ka7 34. h5 Qd8 35. hxg6 hxg6 36. Rh6 Rg8 37. Qf3 Qe7 38. Qg4 Raf8 39. Qe6 Rg7 40. Rdh1 Re8 41. Rh7 Rxh7 42. Rxh7 Qxh7 43. Qxe8 fxg5 44. Bxg5 Nf8 45. Be2 Qd7 46. Qxd7 Nxd7 47. Nf1 Kb8 48. Nd2 Nf8 49. Bd8 1-0

[Event "Gibraltar Masters 16th"]
[Site "Caleta"]
[Date "2018.01.31"]
[Round "9"]
[White "Spence, David"]
[Black "Sukandar, Irine Kharisma"]
[Result "0-1"]
[WhiteElo "2127"]
[BlackElo "2387"]
[PlyCount "48"]
[EventDate "2018.01.23"]
[EventType "swiss"]
[EventRounds "10"]
[EventCountry "GGB"]
[SourceTitle "CBM 183"]
[Source "ChessBase"]
[SourceDate "2018.03.14"]
[SourceVersion "1"]
[SourceVersionDate "2018.03.14"]
[SourceQuality "1"]

1. e4 e5 2. Nf3 Nc6 3. Bc4 Bc5 4. c3 Nf6 5. d3 0-0 6. 0-0 d6 7. Bg5 h6 8. Bh4 Bb6 9. Bb3 Be6 10. Nbd2 Ne7 11. Bxf6 gxf6 12. d4 Ng6 13. Re1 Kh7 14. Nf1 Rg8 15. Ng3 Nf4 16. Bxe6 fxe6 17. d5 Rg7 18. Qc2 Qg8 19. Kh1 Rg4 20. Rg1 exd5 21. exd5+ Qg6 22. Nf5 Rg8 23. g3 Nh3 24. Kg2 Rf4 0-1

[Event "Gibraltar Masters 16th"]
[Site "Caleta"]
[Date "2018.01.29"]
[Round "7"]
[White "Spence, David"]
[Black "Povah, Nigel Edward"]
[Result "1-0"]
[WhiteElo "2127"]
[BlackElo "2310"]
[PlyCount "63"]
[EventDate "2018.01.23"]
[EventType "swiss"]
[EventRounds "10"]
[EventCountry "GGB"]
[SourceTitle "CBM 183"]
[Source "ChessBase"]
[SourceDate "2018.03.14"]
[SourceVersion "1"]
[SourceVersionDate "2018.03.14"]
[SourceQuality "1"]

1. e4 c5 2. c3 d5 3. exd5 Qxd5 4. d4 Nc6 5. Nf3 Bf5 6. Be3 Nf6 7. Na3 cxd4 8. Bc4 Qd7 9. Nxd4 Be4 10. Nxc6 bxc6 11. Qxd7+ Nxd7 12. f3 Bg6 13. Ba6 Rb8 14. 0-0-0 e6 15. b4 Be7 16. Nc4 c5 17. Bf4 e5 18. Rxd7 Kxd7 19. Nxe5+ Ke8 20. Nxg6 Rb6 21. Nxh8 Rxa6 22. bxc5 Bxc5 23. Kb1 f6 24. Rd1 Be7 25. Rd5 Rb6+ 26. Kc2 g5 27. Be3 Ra6 28. Kb3 Kf8 29. Rd7 Re6 30. Bxa7 Kg8 31. Nf7 Kxf7 32. Bc5 1-0

[Event "Reykjavik op"]
[Site "Reykjavik"]
[Date "2017.04.27"]
[Round "10"]
[White "Baliuniene, Margarita"]
[Black "Spence, David"]
[Result "0-1"]
[WhiteElo "1897"]
[BlackElo "2168"]
[PlyCount "62"]
[EventDate "2017.04.19"]
[EventType "swiss"]
[EventRounds "10"]
[EventCountry "ISL"]
[SourceTitle "CBM 178 Extra"]
[Source "ChessBase"]
[SourceDate "2017.06.22"]
[SourceVersion "1"]
[SourceVersionDate "2017.06.22"]
[SourceQuality "1"]

1. d4 e6 2. Nf3 Nf6 3. c4 b6 4. e3 Bb7 5. Bd3 Ne4 6. 0-0 f5 7. Nbd2 Bb4 8. Qc2 Bxd2 9. Nxd2 Qh4 10. f3 Ng5 11. e4 Nc6 12. Qc3 0-0 13. d5 Ne7 14. b3 Rf6 15. Bb2 Raf8 16. Rae1 f4 17. Rf2 R8f7 18. dxe6 Rxe6 19. c5 Rh6 20. Nf1 Rg6 21. g3 Nh3+ 22. Kg2 fxg3 23. hxg3 Nf4+ 24. Kg1 Rxg3+ 25. Nxg3 Qxg3+ 26. Kf1 Nh3 27. Qd4 bxc5 28. Qe3 Nxf2 29. Bc4 d5 30. exd5 Ng4 31. Qxc5 Qxf3+ 0-1

[Event "Reykjavik op"]
[Site "Reykjavik"]
[Date "2017.04.26"]
[Round "9"]
[White "Spence, David"]
[Black "Bergsson, Stefan"]
[Result "0-1"]
[WhiteElo "2168"]
[BlackElo "2031"]
[PlyCount "106"]
[EventDate "2017.04.19"]
[EventType "swiss"]
[EventRounds "10"]
[EventCountry "ISL"]
[SourceTitle "CBM 178 Extra"]
[Source "ChessBase"]
[SourceDate "2017.06.22"]
[SourceVersion "1"]
[SourceVersionDate "2017.06.22"]
[SourceQuality "1"]

1. e4 e5 2. Nf3 Nc6 3. Bc4 Bc5 4. c3 Nf6 5. d3 d6 6. Bb3 Bg4 7. Nbd2 Bb6 8. h3 Bh5 9. Nf1 Bg6 10. Bg5 h6 11. Bh4 Qd7 12. Bxf6 gxf6 13. g4 h5 14. Rg1 Ne7 15. Qe2 d5 16. 0-0-0 0-0-0 17. Ne3 Bxe3+ 18. Qxe3 Kb8 19. Qe2 Qb5 20. Nd2 dxe4 21. Nxe4 Nd5 22. Bxd5 Qxd5 23. Nxf6 Qxa2 24. gxh5 Bxd3 25. Rxd3 Qa1+ 26. Kc2 Qxg1 27. Nd7+ Kc8 28. Nxe5 Rde8 29. Rg3 Qa1 30. Qg4+ Kb8 31. Nxf7 Rhf8 32. Re3 Rxe3 33. fxe3 Qf1 34. Nh6 Rf2+ 35. Kb3 a5 36. Qg8+ Ka7 37. Qd5 Qa1 38. Qc5+ Kb8 39. Qa3 a4+ 40. Kxa4 Qd1+ 41. Qb3 Qd6 42. Ng4 Rd2 43. h6 Rd5 44. Qa3 Qe6 45. Qf8+ Ka7 46. Qf4 c5 47. Qc4 Rd4 48. Qxd4 cxd4 49. exd4 Qc4+ 50. Ka3 b5 51. b3 Qxc3 52. Ne5 Qxh3 53. Kb4 Kb6 0-1

[Event "Reykjavik op"]
[Site "Reykjavik"]
[Date "2017.04.25"]
[Round "8"]
[White "Piasetski, Leon David"]
[Black "Spence, David"]
[Result "1-0"]
[WhiteElo "2300"]
[BlackElo "2168"]
[PlyCount "99"]
[EventDate "2017.04.19"]
[EventType "swiss"]
[EventRounds "10"]
[EventCountry "ISL"]
[SourceTitle "CBM 178 Extra"]
[Source "ChessBase"]
[SourceDate "2017.06.22"]
[SourceVersion "1"]
[SourceVersionDate "2017.06.22"]
[SourceQuality "1"]

1. Nf3 Nf6 2. c4 e6 3. g3 a6 4. Bg2 b5 5. b3 c5 6. 0-0 Qb6 7. d3 Bb7 8. e4 d6 9. Nh4 Be7 10. f4 Nc6 11. Be3 Nd7 12. Nc3 Bf6 13. Rc1 Nd4 14. Ne2 Nxe2+ 15. Qxe2 b4 16. Nf3 Bc3 17. Kh1 a5 18. Rfd1 e5 19. f5 a4 20. g4 axb3 21. axb3 Ra3 22. Rb1 Kd8 23. Ng5 Ke8 24. Qf3 Qd8 25. Qh3 Qe7 26. Nf3 Kd8 27. g5 f6 28. Qg3 Kc7 29. h4 Nb8 30. h5 Nc6 31. h6 Na5 32. Qh4 Rf8 33. hxg7 Qxg7 34. gxf6 Rxf6 35. Bg5 Rf7 36. Bd8+ Kc6 37. Ng5 Nxb3 38. Nxf7 Qxf7 39. Bf3 Nd2 40. Bh5 Qd7 41. Rbc1 Ra8 42. Be7 Kc7 43. Qf6 Ra6 44. Qf7 Nb3 45. Rc2 Nd4 46. Rf2 b3 47. Bg5 b2 48. Qxd7+ Kxd7 49. f6 Ra1 50. Rff1 1-0

[Event "Wakefield 4NCL op 13th"]
[Site "Wakefield"]
[Date "2017.04.09"]
[Round "5"]
[White "Spence, David"]
[Black "Willow, Jonah B"]
[Result "0-1"]
[WhiteElo "2168"]
[BlackElo "1993"]
[PlyCount "130"]
[EventDate "2017.04.07"]
[EventType "swiss"]
[EventRounds "5"]
[EventCountry "ENG"]
[SourceTitle "CBM 177 Extra"]
[Source "ChessBase"]
[SourceDate "2017.04.27"]
[SourceVersion "1"]
[SourceVersionDate "2017.04.27"]
[SourceQuality "1"]

1. e4 c5 2. c3 Nf6 3. e5 Nd5 4. d4 cxd4 5. Nf3 g6 6. cxd4 Bg7 7. Qb3 Nb6 8. a4 d6 9. Ng5 e6 10. a5 Nd5 11. Bb5+ Nc6 12. f4 0-0 13. Bxc6 bxc6 14. 0-0 c5 15. Qh3 h6 16. Ne4 Ba6 17. Rd1 dxe5 18. Nxc5 Be2 19. Re1 Nxf4 20. Bxf4 exf4 21. Nxe6 fxe6 22. Qxe6+ Kh7 23. Qxe2 Qxd4+ 24. Qf2 Qb4 25. Kh1 Bxb2 26. Ra2 Bd4 27. Qf1 f3 28. Rd1 fxg2+ 29. Qxg2 Rae8 30. Rad2 Qxa5 31. Na3 Qxa3 32. Rxd4 Re7 33. R4d3 Qxd3 34. Rxd3 Re1+ 35. Qg1 Rxg1+ 36. Kxg1 Kg7 37. Ra3 Rf7 38. Ra6 h5 39. Kg2 g5 40. h4 gxh4 41. Kh3 Kf8 42. Kxh4 Rh7 43. Re6 Kf7 44. Re1 Kf6 45. Re8 Kf5 46. Re1 a5 47. Ra1 Ra7 48. Ra4 Ra8 49. Kg3 Ke5 50. Kf3 Kd5 51. Ke3 Kc5 52. Kd3 Kb5 53. Rh4 Rc8 54. Rxh5+ Kb4 55. Rh7 a4 56. Kd2 Kb3 57. Kd1 Rc3 58. Kd2 Rc2+ 59. Kd1 Rc5 60. Rh3+ Kb2 61. Rh4 Rd5+ 62. Ke2 a3 63. Rb4+ Kc3 64. Ra4 Kb3 65. Ra8 a2 0-1

[Event "Wakefield 4NCL op 13th"]
[Site "Wakefield"]
[Date "2017.04.08"]
[Round "2"]
[White "Spence, David"]
[Black "Gardiner, Eric D"]
[Result "1/2-1/2"]
[WhiteElo "2168"]
[BlackElo "1947"]
[PlyCount "55"]
[EventDate "2017.04.07"]
[EventType "swiss"]
[EventRounds "5"]
[EventCountry "ENG"]
[SourceTitle "CBM 177 Extra"]
[Source "ChessBase"]
[SourceDate "2017.04.27"]
[SourceVersion "1"]
[SourceVersionDate "2017.04.27"]
[SourceQuality "1"]

1. e4 d6 2. d4 Nf6 3. Nc3 e5 4. Nf3 Nbd7 5. Bc4 Be7 6. 0-0 0-0 7. h3 c6 8. a4 Nxe4 9. Nxe4 d5 10. Re1 dxc4 11. dxe5 Nb6 12. Qe2 a5 13. Bf4 Be6 14. Red1 Nd5 15. Bg3 b5 16. Nd4 Qd7 17. f4 b4 18. Bh2 c3 19. b3 f5 20. exf6 Nxf6 21. Ng5 Bd5 22. Nge6 Rfe8 23. f5 Bc5 24. Kh1 Bxd4 25. Rxd4 Rxe6 26. fxe6 Bxg2+ 27. Qxg2 Qxd4 28. Qxc6 1/2-1/2

[Event "BCF-chT1d 1617 (4NCL) Demotion pool"]
[Site "England"]
[Date "2017.03.05"]
[Round "8.56"]
[White "Eames, Robert"]
[Black "Spence, David"]
[Result "1/2-1/2"]
[WhiteElo "2201"]
[BlackElo "2176"]
[PlyCount "132"]
[EventDate "2016.11.19"]
[EventType "team-tourn"]
[EventRounds "4"]
[EventCountry "ENG"]
[SourceTitle "EXT 2018"]
[Source "ChessBase"]
[SourceDate "2017.10.13"]
[SourceVersion "1"]
[SourceVersionDate "2017.10.13"]
[SourceQuality "1"]
[WhiteTeam "Blackthorne Russia"]
[BlackTeam "Anglian Avengers"]
[WhiteTeamCountry "ENG"]
[BlackTeamCountry "ENG"]

1. e4 e6 2. d4 d5 3. Nc3 Bb4 4. e5 c5 5. a3 Bxc3+ 6. bxc3 Qc7 7. Qg4 f5 8. Qg3 Nc6 9. Ne2 cxd4 10. cxd4 Nge7 11. c3 0-0 12. h4 Bd7 13. Rh3 Rf7 14. Nf4 Na5 15. Rb1 Nc4 16. Be2 Kh8 17. Bh5 g6 18. Bd1 Rg8 19. Ne2 f4 20. Bxf4 Nf5 21. Qd3 Nxa3 22. Rb3 Nc4 23. g4 Ng7 24. Bg5 Ne8 25. Nf4 a5 26. Rf3 Bc8 27. Rb1 b5 28. Rxb5 Rxf4 29. Rxf4 Ba6 30. Rc5 Qb6 31. Qf3 Nxe5 32. dxe5 Qxc5 33. Rf7 h6 34. Bxh6 d4 35. cxd4 Qxd4 36. Rf4 Qxe5+ 37. Re4 Qb5 38. Rxe6 Ng7 39. Re2 Qb4+ 40. Bd2 Bxe2 41. Qxe2 Qb7 42. f3 Re8 43. Be3 Qe7 44. Kf2 Qe5 45. Kg2 Qe7 46. Kf2 Qe5 47. Qd3 Qh2+ 48. Kf1 Kh7 49. Ba4 Re6 50. Bb3 Rd6 51. Qe4 Qh3+ 52. Ke2 Qxh4 53. Qf4 Rd8 54. Bf7 Rd7 55. Bc4 Re7 56. Bd5 Nf5 57. Be4 Ng3+ 58. Kd3 Rd7+ 59. Kc4 Nxe4 60. fxe4 Qh1 61. Kc5 a4 62. Bd4 a3 63. Qe5 Qc1+ 64. Kb6 Qb1+ 65. Ka5 Rxd4 66. Qe7+ Kh6 1/2-1/2